[Event "HUN-chT3 0102"]
[Site "Hungary"]
[Date "2002.01.13"]
[Round "5.3"]
[White "Czibulka, Zoltan"]
[Black "Kovacs, Gyorgy"]
[Result "1-0"]
[WhiteElo "2215"]
[BlackElo "2187"]
[PlyCount "127"]
[EventDate "2001.09.30"]
[EventType "team"]
[EventRounds "11"]
[EventCountry "HUN"]
[SourceTitle "EXT 2004"]
[Source "ChessBase"]
[SourceDate "2003.11.25"]
[SourceVersion "1"]
[SourceVersionDate "2003.11.25"]
[SourceQuality "1"]

1. b3 Nf6 2. Bb2 c5 3. c4 d6 4. Nf3 Bg4 5. d4 Nbd7 6. e3 cxd4 7. exd4 d5 8. c5 Ne4 9. b4 a5 10. a3 g6 11. Nc3 Nxc3 12. Bxc3 Bg7 13. Be2 0-0 14. 0-0 Qc7 15. Qb3 b6 16. cxb6 Nxb6 17. bxa5 Nc4 18. Bxc4 Bxf3 19. Bb5 Rfc8 20. Rac1 Be4 21. Qd1 Qf4 22. a6 Bh6 23. Bb2 Qg5 24. g3 Rcb8 25. a4 Qf5 26. f4 Qh3 27. Rf2 g5 28. Rc3 Rb6 29. fxg5 Bxg5 30. Bc1 Bf6 31. Ba3 e5 32. Bc5 Rbxa6 33. Bxa6 Rxa6 34. dxe5 Bxe5 35. Bd4 Rf6 36. Bxe5 Rxf2 37. Kxf2 Qxh2+ 38. Ke3 Qh6+ 39. Bf4 Qe6 40. Qd4 f6 41. Kd2 Qh3 42. Qf2 Qd7 43. Qd4 Qh3 44. Rc1 Qg2+ 45. Kc3 Qa2 46. Qb4 Kf7 47. Qb3 Qf2 48. Kb4 Kg6 49. Ka3 Kf5 50. Qe3 Qg2 51. Bb8 Kg6 52. Ba7 Qh3 53. Bd4 Qe6 54. Qf4 Qe7+ 55. Rc5 h6 56. Qg4+ Kh7 57. Qc8 Kg6 58. Qc7 Qf8 59. Qc6 Kg5 60. a5 Kg4 61. Qc7 f5 62. a6 Kf3 63. a7 h5 64. Qb8 1-0

[Event "HUN-chT3 0102"]
[Site "Hungary"]
[Date "2001.12.02"]
[Round "4.3"]
[White "Kovacs, Gyorgy"]
[Black "Farkas, Janos"]
[Result "1/2-1/2"]
[WhiteElo "2153"]
[BlackElo "2045"]
[PlyCount "133"]
[EventDate "2001.09.30"]
[EventType "team"]
[EventRounds "11"]
[EventCountry "HUN"]
[SourceTitle "EXT 2004"]
[Source "ChessBase"]
[SourceDate "2003.11.25"]
[SourceVersion "1"]
[SourceVersionDate "2003.11.25"]
[SourceQuality "1"]

1. c3 e5 2. e4 d5 3. exd5 Qxd5 4. Qb3 Qe4+ 5. Ne2 Be6 6. d3 Qc6 7. Qc2 Na6 8. Na3 0-0-0 9. Be3 Nb4 10. cxb4 Bxb4+ 11. Bd2 Bxd2+ 12. Kxd2 Qb6 13. Ke1 Ne7 14. Nc4 Qa6 15. Rc1 Nc6 16. a3 Rhe8 17. b4 Rd7 18. g3 Bf5 19. b5 Qxb5 20. Nc3 Qa6 21. Qa4 Qxa4 22. Nxa4 e4 23. Ne3 exd3 24. Kd2 Be4 25. Bh3 f5 26. f3 Bxf3 27. Bxf5 Nd4 28. Bxd7+ Kxd7 29. Nc5+ Kc8 30. Rhf1 b6 31. Kxd3 Rd8 32. Kc3 bxc5 33. Kb2 Re8 34. Rc3 Re6 35. a4 g5 36. Nc2 g4 37. Rxc5 Rb6+ 38. Kc3 Ne2+ 39. Kc4 Nxg3 40. Rxf3 Ne4 41. Rf8+ Kb7 42. Rb5 Nd6+ 43. Kc5 Nxb5 44. axb5 a6 45. bxa6+ Rxa6 46. Nb4 Ra5+ 47. Kc4 h5 48. Rh8 Rg5 49. Nd3 Kb6 50. Rb8+ Kc6 51. Rb1 g3 52. h3 g2 53. Rg1 Rg3 54. Nf2 h4 55. Kd4 Kd7 56. Ke4 Kd6 57. Kd4 Ke6 58. Ne4 Rg8 59. Ke3 Kf5 60. Kf3 Rg7 61. Ke3 Re7 62. Rxg2 Rxe4+ 63. Kd3 Ra4 64. Rf2+ Kg5 65. Rc2 Ra3+ 66. Ke4 Rxh3 67. Rxc7 1/2-1/2

[Event "HUN-chT3 0001"]
[Site "Hungary"]
[Date "2001.04.22"]
[Round "11.3"]
[White "Kovacs, Gyorgy"]
[Black "Haragos, Kalman"]
[Result "1/2-1/2"]
[WhiteElo "2168"]
[BlackElo "2142"]
[PlyCount "108"]
[EventDate "2000.10.29"]
[EventType "team"]
[EventRounds "11"]
[EventCountry "HUN"]
[SourceTitle "EXT 2007"]
[Source "ChessBase"]
[SourceDate "2006.11.23"]
[SourceVersion "1"]
[SourceVersionDate "2006.11.23"]
[SourceQuality "1"]

1. c3 d5 2. Nf3 Nf6 3. d4 g6 4. Bf4 Bg7 5. Qc1 h6 6. Na3 c6 7. h3 Nbd7 8. e3 b6 9. Bd3 Bb7 10. 0-0 0-0 11. b4 a5 12. b5 c5 13. Ne5 Rc8 14. Qd2 Nxe5 15. Bxe5 Nd7 16. Bxg7 Kxg7 17. f4 e6 18. Nc2 Qc7 19. Rac1 Nf6 20. Ne1 Ne4 21. Bxe4 dxe4 22. Nc2 Bd5 23. dxc5 Qxc5 24. Nd4 Bc4 25. Rfd1 Bxb5 26. Nxb5 Qxb5 27. Qd4+ Kg8 28. Qxe4 Rfd8 29. Kh2 Qc5 30. Rd4 Rd6 31. Rf1 Rcd8 32. Rfd1 Rxd4 33. cxd4 Qa3 34. Rd2 Rd5 35. g4 Qd6 36. Kg2 b5 37. Qd3 f5 38. Rc2 Qe7 39. Rc8+ Kf7 40. gxf5 gxf5 41. e4 fxe4 42. Qxe4 Kg7 43. Kh2 Qf7 44. Rc3 Rf5 45. Rg3+ Kh7 46. Rg4 b4 47. Rg2 Qc7 48. Rf2 Qf7 49. Rb2 Qc7 50. Rf2 Qf7 51. Kg3 Qg6+ 52. Kf3 Rd5 53. Rg2 Qf5 54. Rc2 Kg6 1/2-1/2

[Event "HUN-chT3 0001"]
[Site "Hungary"]
[Date "2000.11.26"]
[Round "3.3"]
[White "Revesz, Bela"]
[Black "Kovacs, Gyorgy"]
[Result "0-1"]
[WhiteElo "2059"]
[BlackElo "2168"]
[PlyCount "65"]
[EventDate "2000.10.29"]
[EventType "team"]
[EventRounds "11"]
[EventCountry "HUN"]
[SourceTitle "EXT 2007"]
[Source "ChessBase"]
[SourceDate "2006.11.23"]
[SourceVersion "1"]
[SourceVersionDate "2006.11.23"]
[SourceQuality "1"]

1. e4 c5 2. Nf3 a6 3. Nc3 Nc6 4. d4 cxd4 5. Nxd4 g6 6. Nxc6 bxc6 7. Qd4 Nf6 8. e5 Nh5 9. g4 Ng7 10. Bc4 h5 11. Qf4 Ne6 12. Bxe6 dxe6 13. Ne4 Bh6 14. g5 Bg7 15. Bd2 Qc7 16. Bc3 Bb7 17. 0-0-0 0-0 18. Rhe1 c5 19. Qe3 Bxe5 20. Bxe5 Qxe5 21. Nxc5 Qxe3+ 22. Rxe3 Bd5 23. Nd7 Rfd8 24. Nb6 Ra7 25. Red3 Rb7 26. Nxd5 exd5 27. Rxd5 Rxd5 28. Rxd5 Rb4 29. b3 Rf4 30. Rd2 Rg4 31. c4 Rxg5 32. b4 Rg4 33. Rc2 0-1